[Event "Bundesliga 0607"]
[Site "Germany"]
[Date "2006.10.29"]
[Round "2.7"]
[White "Loeffler, Stefan"]
[Black "Van den Doel, Erik"]
[Result "0-1"]
[WhiteElo "2463"]
[BlackElo "2571"]
[Annotator "Van den Doel,E"]
[PlyCount "66"]
[EventDate "2006.10.28"]
[EventType "team-tourn"]
[EventRounds "15"]
[EventCountry "GER"]
[SourceTitle "EXT 2018"]
[Source "ChessBase"]
[SourceDate "2017.10.13"]
[SourceVersion "1"]
[SourceVersionDate "2017.10.13"]
[SourceQuality "1"]
[WhiteTeam "Kreuzberg"]
[BlackTeam "Porz"]
[WhiteTeamCountry "GER"]
[BlackTeamCountry "GER"]

{Beauty in chess. And a little bit of prophylactics.} 1. d4 Nf6 2. c4 e6 3. Nf3
b6 4. g3 Ba6 5. b3 Bb4+ 6. Bd2 Be7 7. Nc3 O-O 8. e4 d5 9. Bd3 $6 dxe4 10. Nxe4
Nbd7 11. Qe2 c5 12. dxc5 Nxc5 13. Nxc5 Bxc5 14. Bc3 Bb7 15. O-O {What would
you play now? I felt I had a great position here, due to the weakness of the
a8-h1 diagonal. Then I noticed White has a plan to repair this weakness. For
example after 15...a7-a5 there comes 16.Bf6 followed by 17.Be4 neutralising
the bishop at b7.} e5 $3 {Quite a radical and aesthetic way to prevent White's
plan, don't you think?} 16. Rfd1 (16. Qxe5 Bxf3 {wins}) (16. Bxe5 Re8 {is too
dangerous for White, for example} 17. Rae1 Qc8 18. Qd1 Qg4 19. Kg2 Rad8 {wins})
(16. Nxe5 {is suggested by the engines. At the board it is not easy to decide
on such a risky move.} Re8 17. Rfe1 Qc8 18. Qd2 Qh3 19. Bf1 Qf5 20. Bg2 Bxg2
21. Kxg2 Ne4 22. Qc2 Nxg3 23. Qxf5 Nxf5 {and the position is equal.}) 16... Qc8
{Planning to go to h3.} 17. b4 e4 18. Bxf6 $6 (18. bxc5 {is a better try} exd3
$1 (18... exf3 19. Qb2 Rd8 20. Bf1 $1 {and white is slightly better.}) 19. Rxd3
(19. Qxd3 Qc6 {is slightly better for Black.}) 19... Re8 20. Re3 Qxc5 21. Bxf6
Rxe3 22. fxe3 gxf6 {and Black is slightly better.}) 18... exd3 19. Qxd3 Bxb4 (
19... Qc6 20. bxc5 Qxf6 21. Nh4 bxc5 22. Qf5 {is not very clear.}) 20. Ng5 g6
21. Qd7 Qc6 $1 22. Qxc6 Bxc6 23. f3 Rfe8 {Black is clearly better due to his
pair of bishops and the weakness of the white pawn at c4.} 24. Kf2 h6 25. Nh3
Re6 26. Bd4 Rd8 27. Be3 Rde8 28. Rd3 g5 29. Rad1 Bb7 30. Bd2 Bc5+ 31. Kf1 Ba6
32. Rc3 Re2 33. Re1 Rxe1+ 0-1

[Event "HUN-ch 56th"]
[Site "Szekesfehervar"]
[Date "2006.03.09"]
[Round "9"]
[White "Gyimesi, Zoltan"]
[Black "Sax, Gyula"]
[Result "1/2-1/2"]
[WhiteElo "2602"]
[BlackElo "2539"]
[Annotator "Wells,P"]
[PlyCount "89"]
[EventDate "2006.03.01"]
[EventType "tourn"]
[EventRounds "9"]
[EventCountry "HUN"]
[EventCategory "13"]
[SourceTitle "CBM 112"]
[Source "ChessBase"]
[SourceDate "2006.06.07"]
[SourceVersion "1"]
[SourceVersionDate "2006.06.07"]
[SourceQuality "1"]

1. d4 Nf6 2. c4 e6 3. Nf3 b6 4. g3 Ba6 5. Qb3 Nc6 6. Nbd2 d5 7. Qa4 Bb7 8. Bg2
Qd7 9. cxd5 exd5 10. O-O Bd6 11. Nb1 Ne5 12. Qxd7+ Nexd7 13. Nc3 c6 14. Bf4
Bxf4 15. gxf4 Ke7 16. Rac1 Rhd8 17. Rc2 Ne8 18. Ne5 f6 19. Nxd7 Rxd7 20. Rfc1
Nd6 21. Nd1 Nb5 22. e3 Rg8 23. Nc3 Nd6 24. Ne2 Nb5 25. a4 Nd6 26. Ng3 g6 27. h4
Rb8 28. h5 g5 29. fxg5 fxg5 30. Bf3 Rf8 31. Kg2 Kd8 32. Bg4 Rdf7 33. f3 Re7 34.
Rxc6 $1 {[%mdl 512]} Nc4 $8 (34... Bxc6 35. Rxc6 Rf6 36. e4 $16 {[%cal Ye4e5,
Yg4c8,Yc6c8]}) 35. R6xc4 dxc4 36. e4 $16 {[%csl Gd4,Ge4,Re7,Rf8,Gg4]} Rc7 37.
d5 a6 38. Nf5 Bc8 39. Nd4 Bxg4 40. fxg4 Re8 41. Kf3 Kd7 42. Nf5 $6 {Feels like
the wrong direction. The priority must be to organise the advancement of
White's chief asset while avoiding the rooks becoming active. To this end I
like} (42. Ke3 $1 {[%cal Ye4e5,Yd4f3,Gc1f1]} Kd6 43. Nf3 (43. Nc6 Rxc6 44. dxc6
b5) 43... h6 (43... Rf8 44. Nxg5) 44. Kd4 $16) ({but not} 42. Nc6 $6 b5 43.
axb5 axb5 44. e5 Rxc6 45. dxc6+ Kxc6 46. Ke4 Rf8 {and again Black has become
active.}) 42... Rc5 43. Ng7 Re7 44. Ne6 Rxe6 45. dxe6+ {There is no question
of a White advantage any more.} 1/2-1/2

[Event "Leon Man+Comp m"]
[Site "Leon"]
[Date "1999.06.13"]
[Round "5"]
[White "Karpov, Anatoly"]
[Black "Anand, Viswanathan"]
[Result "0-1"]
[WhiteElo "2710"]
[BlackElo "2781"]
[Annotator "Winants,L"]
[PlyCount "91"]
[EventDate "1999.06.??"]
[EventType "match"]
[EventRounds "6"]
[EventCountry "ESP"]
[SourceTitle "CBM 072"]
[Source "ChessBase"]
[SourceDate "1999.10.01"]
[SourceVersion "1"]
[SourceVersionDate "1999.10.01"]
[SourceQuality "1"]

1. d4 Nf6 2. c4 e6 3. Nf3 b6 4. g3 Ba6 {L'une des nombreuses inventions de
Nimzovich : la mobilisation du Fou en g2 est contrée par une démonstration sur
l'aile opposée.} 5. b3 Bb4+ ({On pourrait aussi jouer} 5... d5 {,}) (5... b5) (
{ou même} 5... Bb7 {. La suite choisie profite du coup b3, pour perturber le
bon développement ennemi.}) 6. Bd2 (6. Nbd2 {ne conviendrait pas а cause de}
Bc3 7. Rb1 Bb7 {menaçant а la fois 8... Fxd4 et 8...Fe4.}) 6... Be7 {Les Noirs
ont empêché la sortie du Fou en b2 et surtout bloqué la case d2 aux dépens du
Cavalier. Ils envisagent donc de poursuivre les hostilités contre c4.} 7. Bg2 (
{Karpov dévie ainsi de la troisième partie qui avait continué par} 7. Nc3 O-O
8. e4 ({si} 8. Bg2 c6 9. O-O d5) 8... d5 9. cxd5 Bxf1 10. Kxf1 exd5 11. e5 Ne4
12. Kg2 c5 13. Qe2 Nxc3 14. Bxc3 Qd7 $1 {Pour conduire la Dame vers e6 :
devant le pion e5 et hors de portée du Fc3.} 15. Rhe1 Qe6 16. Ng1 {Une
retraite thématique, mais peu efficace.} Nc6 17. dxc5 d4 18. Bd2 Bxc5 19. f4 d3
$1 {Ce fantassin vaut manifestement plus que la majorité adverse sur
l'aile-Roi.} 20. Qe4 (20. Qxd3 {aurait entraîné la perte d'une pièce :} Rad8
21. Qe2 Qd5+ 22. Nf3 Nd4) 20... Rad8 21. Nf3 Nd4 22. Nxd4 Rxd4 23. Qf3 Rfd8 24.
f5 Qd5 {et les Noirs disposaient déjà d'un avantage conséquent.}) 7... c6 8.
Bc3 d5 9. Ne5 {Pour dégager la grande diagonale et préparer une percée au
centre (e4).} ({Après} 9. Nbd2 {le jeu se poursuivrait par} Nbd7 10. O-O O-O
11. Re1 c5 $1 {avec des chances partagées.}) 9... Nfd7 10. Nxd7 Nxd7 11. Nd2
O-O 12. O-O Nf6 {Le dernier cri dans cette variante : les Noirs se réservent
la possibilité de miner le centre adverse via ...c5 ou ...b5.} 13. Re1 ({
Quelques suites instructives :} 13. e4 b5 14. Re1 {menaçant 15.e5 suivi de c5
avec étouffement.} dxe4 {profitant encore du fait que le Cd2 est lié а la
défense du pion c4.} 15. Qc2 (15. Rc1 Rc8 16. c5 b4 $1 ({après} 16... Nd5 17.
Rxe4 {etc., le Fa6 se retrouverait hors du jeu, Karpov-Portisch, Rotterdam 1989
}) 17. Bb2 {forcé} ({si} 17. Bxb4 Nd5) 17... Bd3 18. Nxe4 Bxe4 19. Bxe4 Qd7 20.
Rc4 a5 21. Bc1 Nd5 {avec égalité, Yussupov-Karpov, Londres 1989}) 15... Rc8 16.
Rad1 Nd5 $3 17. Bxe4 Nxc3 18. Qxc3 Bf6 19. Qc2 g6 20. Nf3 bxc4 21. bxc4 Qa5 {
et les Noirs sont bien.}) 13... c5 14. dxc5 (14. e4 $2 {provoquerait le
démantèlement de la structure de pions :} cxd4 15. Bxd4 dxc4 16. Nxc4 Bxc4 17.
bxc4 Rc8 {etc. Van Wely-Karpov 1996}) 14... Bxc5 15. e3 Rc8 16. Bxf6 Qxf6 17.
cxd5 exd5 18. a3 {Une précaution utile.} ({La prise du pion aurait entraîné
des ennuis :} 18. Bxd5 Rfd8 19. Ne4 Qf5 20. Nxc5 Rxd5) ({et si} 18. Nf3 {alors}
Bb4 {force le Cavalier а rebrousser chemin.}) 18... Rfd8 19. b4 ({Toujours pas
} 19. Nf3 {а cause de} d4 $1) 19... Bf8 20. Nf3 Bc4 21. Qd2 {Il est possible
que Karpov ait considéré cette position а son avantage, compte tenu du pion
isolé sur d5 et de l'avant-poste pour le Cavalier en d4. Or justement, le Fc4
est, lui aussi, fort bien installé et on ne voit pas comment les Tours
blanches pourraient se montrer actives.} b5 {Non seulement pour renforcer c4,
mais aussi pour accroître le potentiel de l'artillerie sur la sixième rangée.}
22. Nd4 g6 {Ouvrant de nouvelles perspectives au Foou de cases noires.} 23.
Red1 Qb6 24. Rab1 Qa6 25. Ra1 {Il est désormais évident que les Noirs
conrôlent plus de terrain et que la présence des deux Fous devrait bientôt se
faire sentir.} Qb6 26. h4 h5 27. Bf3 Bg7 28. Rab1 Re8 {La Tour en c8 ne
rendant aucun service, Anand décide de modifier l'arrangement de ses forces.}
29. Bg2 Rcd8 30. Ra1 Bf8 31. Bf1 Bg7 32. Bg2 Rd6 {Maintenant la Te8 domine le
centre, via la colonne -e- et celle de d6 annonce la tempête qui se prépare а
l'aile-Roi (...g5)} 33. Rab1 Qd8 34. Rbc1 {La faute décisive.} (34. Nf3 {
s'imposait.}) 34... Ra6 35. Ra1 g5 {Premier coup de massue. Le Fg7 fera parler
de lui dès que les Noirs se seront débarrassés de la chaîne f2-g3-h4.} 36. hxg5
Qxg5 37. Nf3 Qg4 38. Qc1 Bf6 $1 {La Ta1 n'intéresse déjà plus personne !} 39.
Rb1 h4 40. Nh2 {Ou bien :} ({a)} 40. Nxh4 Bxh4 41. Rd4 (41. gxh4 Rg6) 41... Re4
) ({b)} 40. gxh4 Bg7 {suivi de Tg6.}) 40... Qg7 41. g4 d4 {Le chat est partie
en h2 et les souris dansent !} 42. exd4 Bxd4 43. Bf1 {Il y avait de jolies
variantes :} ({a)} 43. Re1 Bxf2+ $3 44. Kxf2 Qd4+ 45. Re3 Rae6 {Les Noirs
gagnent}) ({b)} 43. Nf3 Bxf2+ $3 44. Kxf2 Re2+ 45. Kg1 Rxg2+ $1 46. Kxg2 Qxg4+
47. Kf2 (47. Kh2 Qg3+ 48. Kh1 Qxf3+ 49. Kh2 Qg3+ 50. Kh1 Qh3+ 51. Kg1 Rg6+ 52.
Kf2 Qg3#) 47... Qg3+ 48. Ke3 Re6+ 49. Kd4 (49. Kd2 Re2+ 50. Kc3 Qxf3+ 51. Kd4
Qf6+ 52. Kc5 Qb6#) 49... Qf2+ 50. Kc3 Qxf3+ 51. Kc2 Re2+ 52. Rd2 Qd3+ 53. Kd1
Re1+ 54. Kxe1 Qf1#) 43... Qe5 {Menaçant 44... Dg3+ ou même 44... Fxf2+!} 44.
Bxc4 ({Si} 44. Rxd4 Qxd4 45. Qg5+ Rg6 46. Qxh4 Bd5 {,menaçant 47... De4, et
les Noirs gagnent.}) 44... Bxf2+ $1 {Le coup de grâce !} 45. Kg2 {Plus rien ne
pouvait sauver les Blancs :} ({a)} 45. Kxf2 Qxh2+ 46. Kf1 Rf6+ {et mat au coup
suivant}) ({b)} 45. Kh1 Qe4+) ({c)} 45. Kf1 Qxh2) 45... h3+ 46. Kf1 {et les
Blancs abandonnèrent sans attendre 46... Dxh2.} 0-1

[Event "EU-Cup 14th final"]
[Site "Belgrade"]
[Date "1999.01.13"]
[Round "3"]
[White "Beliavsky, Alexander G"]
[Black "Yudasin, Leonid"]
[Result "1/2-1/2"]
[WhiteElo "2645"]
[BlackElo "2550"]
[Annotator "Yudasin,L"]
[PlyCount "35"]
[EventDate "1999.01.11"]
[EventType "team-k.o."]
[EventRounds "3"]
[EventCountry "YUG"]
[SourceTitle "EXT 2020"]
[Source "ChessBase"]
[SourceDate "2019.10.17"]
[SourceVersion "1"]
[SourceVersionDate "2019.10.17"]
[SourceQuality "1"]
[WhiteTeam "Zemun Agrouniverzal"]
[BlackTeam "Petah-Tikva Elitzur"]
[WhiteTeamCountry "SRB"]
[BlackTeamCountry "ISR"]

1. d4 {Tyomkin,D} Nf6 2. c4 e6 3. Nf3 b6 4. g3 Ba6 5. b3 d5 6. cxd5 ({
Beliavsky declines sharp variation-} 6. Bg2 dxc4 7. Ne5 Bb4+ 8. Kf1) 6... Bb4+
$5 {This is old reccomendation of Geller which I already used against Ionov in
St.Petersburg 1996. In this game I tried to surprise my opponent choosing this
line.} 7. Bd2 Bxd2+ 8. Qxd2 {White intends to playNc3 with the pressure on d5
and then,after c7-c5,to move N to a4.} (8. Nbxd2 exd5 {xNbd2,/\0-0,c5, Re8,Nbd7
}) 8... Nxd5 ({Not bed} 8... exd5 $5 {preparing Ne4,and not c5.But I didn't
want to play the ending after 8.Qe3.}) (8... Ne4 9. Qb2 exd5 10. Bg2 O-O 11.
O-O Nd7 12. Rc1 Re8 13. e3 c5 14. Nc3 cxd4 15. exd4 Nxc3 16. Rxc3 Nf6 {= 1/2-1/
2 Sofieva,A-Csom,I/Budapest HUN 1993 (26)}) 9. Bg2 Nd7 ({Worse is} 9... O-O {
letting white} 10. Ne5 $5 Bb7 11. e4 (11. Na3 $5)) 10. O-O O-O 11. Rd1 (11. Re1
{intending e2-e4 forces black to play 11...f5 or 11...c5-in both with
counterplay.After 11...c5;12.e4 black N is coming to d3 with complications.})
11... c5 $6 {N} (11... Bb7 {looks better,because B controls e4-square.} 12. Nc3
c5 13. dxc5 Nxc5 14. b4 Nxc3 15. Qxc3 Ne4 16. Qe3 Qe7 {1/2-1/2 Ionov,
S-Yudasin,L/St.Petersburg 1996/CBM 56 ext (16)}) 12. e4 Nb4 (12... N5f6 13. Nc3
{/\e5,Ne4-d6,Ra-c1+/-xBa6,d6}) (12... Ne7 13. Nc3 {+/- /\d5-d6}) 13. d5 {
Beliavsky chooses the principle continuation.Anything gives:} (13. dxc5 $6 Nxc5
{=+}) (13. a3 $6 Nc6 14. d5 exd5 15. exd5 (15. Qxd5 Nf6 {=+}) 15... Na5 {
xb3/\c4, /\Qf6|^}) (13. Na3 $5 Nf6 14. e5 Nfd5 15. Nc4 Nc6 {+=}) ({The most
unpleasant move for black was:} 13. Nc3 $1 {And black should play very smart:}
cxd4 14. Nxd4 (14. Qxd4 $2 Nc2 15. Qa4 (15. Qxd7 Qxd7 16. Rxd7 Nxa1) 15... Qc8
$1 {-/+ /\Nc5,xQa4} (15... Nxa1 16. Qxa6 $1 Nc2 17. Rd2 Nb4 18. Qb5 {+/-}))
14... Ne5 (14... Nc5 15. e5 {+/-}) (14... e5 15. Nf5 Nc5 16. Nd5 {+/-} (16. Qe3
Qf6 17. Rd6 Ne6 18. Rc1 Qg5 {+/-})) 15. Qe3 $1 {+=} Qe7 $1 (15... Ng4 16. Qf4
e5 17. Qxg4 exd4 18. e5 Rc8 19. Rxd4 Qc7 20. Nd5 {+/-}) 16. Rac1 Rac8) 13...
exd5 14. exd5 {/\Nc3, Ne1,a3,/\a3,b4|^ If white stabilizes position and moves
N out of b4,white would get clear advantage with the strong center.So,black
has to play actively.} Qf6 $1 15. Nc3 (15. Na3 Rae8 $36 (15... Rad8 {xd5}))
15... Rae8 $5 {xe4 Black is continuing with the active strategy.} (15... Rad8 {
!?-Beliavsky} 16. a3 (16. Ne4 Qg6 17. Nh4 Qh5 18. Bf3 $6 Qe5 {=+}) (16. Ne1 Ne5
17. f4 {~}) 16... Nd3 17. Ne1 {~}) 16. Ne1 $1 {/\a3,xd3} Ne5 $1 {/\Nd3,Ng4
There is no way back!} 17. a3 ({Nothing dangerous after} 17. d6 Nbd3 ({Or even
} 17... Ned3 18. a3 Nxe1 19. axb4 Nxg2 $1 {/\ Qf3,Nh4,Qg4=})) 17... Nbd3 $8 18.
Ne4 $1 {Here Beliavsky found nice line:} (18. f4 Nxe1 (18... Ng4 $5 19. Nxd3
Bxd3 20. Qxd3 Re3 21. Ne4 $2 (21. Qd2 $1 Qxc3 {=+}) 21... Qh6 22. Qd2 Qxh2+ 23.
Kf1 f5 $1 {-+}) 19. fxe5 Nf3+ {=+}) ({and offered me a draw,which I accepted
because of the variation:} 18. Ne4 $1 Qg6 $1 19. f4 $1 Nxe1 20. Rxe1 Nd7 21. b4
$1 Rd8 $132 (21... h6 $132 {/\f5})) 1/2-1/2

[Event "RUS Cup final"]
[Site "Belgorod"]
[Date "2010.11.09"]
[Round "2.1"]
[White "Potkin, Vladimir"]
[Black "Zakhartsov, Viacheslav V"]
[Result "1-0"]
[WhiteElo "2646"]
[BlackElo "2602"]
[Annotator "Zakhartsov,Vi"]
[PlyCount "79"]
[EventDate "2010.11.07"]
[EventType "k.o."]
[EventRounds "5"]
[EventCountry "RUS"]
[SourceTitle "CBM 139"]
[Source "ChessBase"]
[SourceDate "2010.11.18"]
[SourceVersion "1"]
[SourceVersionDate "2010.11.18"]
[SourceQuality "1"]

1. d4 Nf6 2. c4 e6 3. Nf3 b6 4. g3 Ba6 5. Qc2 Bb4+ ({Vladimir has an excellent
score in the main line} 5... Bb7 6. Bg2 c5 7. d5 exd5 8. cxd5 Nxd5 9. O-O {
, therefore I have decided to avoid this.}) 6. Bd2 Be7 7. e4 d5 8. cxd5 Bxf1 9.
Kxf1 exd5 10. e5 Ne4 11. Nc3 Nxd2+ {This capture, probably, is stronger than} (
11... Nxc3 12. bxc3 Qd7 13. h4 Nc6 14. Ng5 {, with White's advantage.}) 12.
Nxd2 Qd7 13. f4 c5 14. Nf3 Nc6 15. Rd1 c4 {This position occurred in 2 games
of the European Championship 2010. In both games Black obtained a decent
counterplay.} 16. Kg2 (16. h4 Nb4 17. Qg2 Nd3 18. Ne1 Nxe1 19. Rxe1 O-O-O 20.
g4 h5 21. g5 Bb4 {Najer-Parligras, Rijeka 2010}) 16... Nb4 (16... O-O 17. h4 f5
18. Qe2 Qe6 19. Nh2 Bb4 20. Nf1 Bxc3 21. bxc3 b5 {Ragger-S.Zhigalko, Rijeka
2010}) 17. Qe2 O-O 18. Nd2 (18. f5 {would be not so clear:} Qxf5 19. a3 Nd3 20.
Nxd5 Qe6 21. Nc7 Qg6) 18... Rad8 $2 {Overprotecting the d5-pawn, whereas
necessary was to exchange on c3:} (18... Nd3 19. Nf1 Bb4 20. Ne3 Bxc3 21. bxc3
f5 {with mutual chances} (21... f6)) 19. Nf1 Na6 (19... Qc6 20. Ne3 Rd7 21. Qf3
Rfd8 22. f5 {with strong initiative.}) 20. Ne3 Nc7 21. f5 f6 ({Possibly} 21...
Bg5 22. Rhf1 b5 {would be better.}) 22. e6 Qc6 {White has an obvious advantage
due to his strong passed e6-pawn. Black has some counterchances due to his
pawn majority on the queenside.} 23. Rhf1 b5 24. Qh5 b4 25. Ne2 Bd6 {In order
to prevent the Rf4-h4 manoeuvre.} 26. Nf4 Rb8 27. Ng6 Rfe8 ({Of course, not} 
27... hxg6 $4 28. fxg6 Rfe8 29. e7 {, mating.}) 28. Ng4 {Sacrifices on f6 and
e5 are hanging in the air.} Qa4 (28... b3 $2 {loses to} 29. Nxf6+ gxf6 30. Qg4
Qa4 (30... hxg6 31. Qxg6+ Kh8 32. Qxf6+ Kg8 33. Qg6+ Kh8 34. Qh6+ Kg8 35. f6) (
30... h5 31. Qxh5 Kg7 32. Ne5 Bxe5 33. dxe5) 31. Ne5+ Kf8 32. Nd7+ Ke7 33. Qg7+
Kd8 34. Nxb8) (28... Nb5 {!?} 29. N4e5 (29. Nxf6+ {?} gxf6 30. Qg4 Qb7) 29...
Bxe5 (29... fxe5 30. f6 {!} gxf6 31. Rxf6 Rb7 32. Rf7 {, winning}) (29... Qc7
30. Rf4 {(threatening Qxh7+!)} h6 31. Nd7 Bxf4 32. Nxf4 Rf8 33. Nxd5 {also wins
}) 30. Nxe5 fxe5 31. f6 Qxe6 (31... Rxe6 32. f7+ Kf8 33. Qxh7 {, and White wins
}) (31... gxf6 32. Qf7+ Kh8 33. Qxf6+ Kg8 34. Qg5+ Kh8 35. Qxe5+ Kg8 36. Rf7 {
with mate}) 32. f7+ Kh8 33. fxe8=Q+ Rxe8 34. Qxe5 Qxe5 35. dxe5 d4 36. Kf3 Rxe5
37. Rde1 {with White's advantage.}) 29. N6e5 (29. Nxf6+ $2 gxf6 30. Qg4 Qc2+)
29... fxe5 {I could reject this sacrifice:} (29... Re7 $5 30. Nf7 (30. Nd7 Rxd7
31. exd7 Qxd7 {with full compensation for the exchange}) 30... Rb6 31. Qh4 Ne8
32. Ne3 Nc7 {and Black holds.}) 30. dxe5 Qc2+ 31. Kh3 Bf8 $2 {Missing the
strongest defence:} (31... Be7 32. f6 Kh8 $1 {(the only move)} 33. Ne3 (33.
fxg7+ Kxg7 34. Rf7+ Kh8 {and the black queen protects h7.}) 33... Qg6 (33...
Qe4 {?} 34. fxg7+ Kxg7 35. Rf7+ Kh8 36. Nf5) 34. Qxg6 hxg6 35. fxe7 Rxe7 36.
Rf7 Rbe8 37. Rxe7 Rxe7 {, although White could obtain an advantage in the rook
ending after} 38. Nxd5 Nxd5 39. Rxd5 Rxe6 40. Rc5 c3 41. bxc3 bxc3 42. Kg4 {!}
Ra6 43. Rxc3 Rxa2 44. h4) 32. Qf7+ Kh8 33. Qxc7 {Now White is totally winning.}
b3 (33... Rbc8 34. Qxa7 Qxb2 35. Rf2 Qc3 36. Rxd5) 34. axb3 h5 (34... cxb3 35.
Rc1 (35. Qxc2 bxc2 36. Rxd5 Rxb2 37. Rc1) 35... Qxb2 36. f6) 35. Ne3 Qe4 36.
Rde1 d4 37. Rf4 Qb7 38. Qxb7 Rxb7 39. Nxc4 Rxb3 40. Rxd4 1-0